Introduction to human anatomy and physiology/. (Record no. 20786)
[ view plain ]
| 000 -LEADER | |
|---|---|
| fixed length control field | 00545nam a2200205 a 4500 |
| 005 - DATE AND TIME OF LATEST TRANSACTION | |
| control field | 20140310183251.0 |
| 008 - FIXED-LENGTH DATA ELEMENTS--GENERAL INFORMATION | |
| fixed length control field | 041021s19uu xx 00 eng d |
| 050 ## - LIBRARY OF CONGRESS CALL NUMBER | |
| Classification number | QP 34.5 |
| Item number | .So47i 2003 |
| 100 ## - MAIN ENTRY--PERSONAL NAME | |
| Personal name | Solomon, Eldra Pearl |
| 245 ## - TITLE STATEMENT | |
| Title | Introduction to human anatomy and physiology/. |
| 250 ## - EDITION STATEMENT | |
| Edition statement | 2nd ed. |
| 300 ## - PHYSICAL DESCRIPTION | |
| Extent | 340 p. : |
| Other physical details | ill. (some col.) ; |
| Dimensions | 28 cm. |
| 521 ## - TARGET AUDIENCE NOTE | |
| Target audience note | |
| 650 ## - SUBJECT ADDED ENTRY--TOPICAL TERM | |
| Topical term or geographic name as entry element | Human physiology. |
| 650 ## - SUBJECT ADDED ENTRY--TOPICAL TERM | |
| Topical term or geographic name as entry element | Human anatomy. |
| 650 ## - SUBJECT ADDED ENTRY--TOPICAL TERM | |
| Topical term or geographic name as entry element | Anatomy. |
| 650 ## - SUBJECT ADDED ENTRY--TOPICAL TERM | |
| Topical term or geographic name as entry element | Physiology. |
| 942 ## - ADDED ENTRY ELEMENTS (KOHA) | |
| Koha item type | Books |
| Source of classification or shelving scheme | Library of Congress Classification |
| Call number prefix | Foreign |
| Withdrawn status | Lost status | Source of classification or shelving scheme | Damaged status | Home library | Current library | Shelving location | Date acquired | Total Checkouts | Total Renewals | Full call number | Barcode | Date last seen | Date checked out | Copy number | Price effective from | Koha item type |
|---|---|---|---|---|---|---|---|---|---|---|---|---|---|---|---|---|
| Library of Congress Classification | College Library | College Library | General Circulation Section | 10/21/2004 | 1 | 8 | QP 34.5 .So47i 2003 | C5363 | 05/15/2018 | 08/31/2017 | 1 | 03/10/2014 | Books |